000 00739nam a22001937a 4500
999 _c187025
_d187025
005 20220328113144.0
010 _aUR-11495
020 _c500.00
_a9788195074501
035 _aU-10050
037 _bDBAD/PUB
_a-
082 _a920
_2Ist
100 _aمحمد ا نظر ند و ی
245 _aذ کر جميل (تز کر ہ سو ا نح حضر ت صو فی حا جی جميل ا حمد ر حما نی )
_c محمد ا نظر ند و ی
246 _bZikr-e-Jameel (Urdu)
_aby Mohd.Anzar Nidvi
260 _aHyderabad
_bAl-Ansar Publications
_c2021ء
270 _a# 18-8-253/36A,Jamal colony,Riyasat Nagar,
_bHyderabad
_e500059
_k09391301192
_l-
300 _a464 ص
_c22 Cm(Hb)
942 _2ddc
_cUR
_h920
_mم ح م